000
00371nam a22001577a 4500
003
MPLRDC
005
20220104123511.0
008
210129b ||||| |||| 00| 0 eng d
082
_a
220.7 SYFS
100
_a
圣严
245
_a
正信的佛教
_c
260
_a
_b
马来亚佛青基公会
_c
1988
300
_b
平
650
_a
佛教杂论
942
_c
BK
_o
220.7 SYFS
999
_c
11920
_d
11910